Sociedad, espacio, cultura : américa la argentina desde el siglo xv hasta comienzos del siglo xx /
Guardado en:
| Autor Principal: | |
|---|---|
| Otros Autores: | , |
| Formato: | Libro |
| Publicado: |
Buenos Aires :
Kapelusz,
1998
|
| Series: | Realidades
|
| Materias: | |
| Etiquetas: |
Agregar Etiqueta
Sin Etiquetas, Sea el primero en etiquetar este registro!
|
| LEADER | 01186nam a22002895a 4500 | ||
|---|---|---|---|
| 001 | CEM.cems013634 | ||
| 008 | 130507s1998##################000#0#####d | ||
| 005 | 20220929200340.0 | ||
| 245 | 1 | 0 | |a Sociedad, espacio, cultura : |b américa la argentina desde el siglo xv hasta comienzos del siglo xx / |c Leticia Prislei, Omar Tobío y Patricio Geli |
| 260 | |a Buenos Aires : |b Kapelusz, |c 1998 | ||
| 300 | |a 329 p. | ||
| 490 | 0 | |a Realidades | |
| 500 | |a Para tercer ciclo de Egb | ||
| 505 | 0 | |a Los territorios de América -- Inígenas y europeos -- La época colonial -- Hacia la construcción de los países independientes de América -- La modernización en América y en la Argentina -- La integración económica de los países americanos | |
| 020 | |a 9501307603 | ||
| 100 | 1 | |a Prislei, Leticia | |
| 700 | 1 | |a Tobío, Omar | |
| 700 | 1 | |a Geli, Patricio | |
| 082 | 0 | 4 | |a Z980 |
| 653 | |a Historia | ||
| 653 | |a Geografía | ||
| 653 | |a Historia argentina | ||
| 653 | |a Geografía de américa | ||
| 653 | |a América-geografía | ||
| 653 | |a América-historia | ||
| 859 | |a CEMS |b BIB. CEMS - Agricultura |h 980 |i P925 |p A3406.21 |t Ej.1 | ||
| 859 | |a CEMS |b BIB. CEMS - 11 de abril |h Z980 |i P925 |p 26278.12 |t Ej.1 | ||
